MARC

LEADER 00000nam0a2200000 4500
001 342635
005 20231102005456.0
035 |a (RuTPU)RU\TPU\book\371808 
090 |a 342635 
100 |a 20190321d1979 m y0rusy50 ca 
101 0 |a rus 
102 |a RU 
105 |a y z 000zy 
200 1 |a Правила техники безопасности в библиотеках  |f сост. Б. А. Чичин 
210 |a Москва  |c [Б. и.]  |d 1976 
215 |a 206 с. 
606 1 |a Библиотеки  |x Организация работы  |2 stltpush  |3 (RuTPU)RU\TPU\subj\28589  |9 52106 
610 1 |a библиотечное дело 
610 1 |a техника безопасности 
610 1 |a правила 
610 1 |a пожарная безопасность 
610 1 |a инструкции 
610 1 |a требования 
610 1 |a нормативные показатели 
610 1 |a нормативные показатели 
610 1 |a оборудование 
610 1 |a автоматизация 
686 |a Ч737  |v LBC/SL-A  |2 rubbk 
702 1 |a Чичин  |b Б. А.  |4 220 
801 1 |a RU  |b 63413507  |c 20190321 
801 2 |a RU  |b 63413507  |c 20210416  |g RCR 
942 |c BK